Open Data Biblioteca Nacional de Portugal


República Portuguesa: Ministério da Cultura
Biblioteca Nacional de Portugal

Catálogo da BNP: acesso por Identificadores Unívocos
Registos Bibliográficos associados ao registo de autoridade

Etiqueta de registo: 00000nkm 2200025 450
001 2272746
003 http://id.bnportugal.gov.pt/bib/catbnp/2272746
100 ## $a20260226d1993 m y0pory01030103ba
101 0# $apor
102 ## $aPT
200 1# $a5.ª Salão de banda desenhada, Viseu B. D. 93, Casa da Ribeira, de 1 a 9 de maio$bVisual gráfico]$fG.I.C.A. V. (Grupo de Intervenção Criatividade Artística de Viseu)
210 #9 $aViseu$cG.I.C.A. V. (Grupo de Intervenção Criatividade Artística de Viseu),$d1993$eViseu :$gTipografia Beira Alta, Lda.)
215 ## $a1 cartaz$ccolor.$d62,5x44 cm
317 ## $aColeção Madeira Luís
710 02 $aSalão de Banda Desenhada,$d5,$eViseu,$f1993$31993856
711 02 $aGrupo de Intervenção e Criatividade Artística de Viseu$362286
801 #0 $aPT$bBN$gRPC
966 ## $lBN$mICONOG$sCT. 22596 A.$x3
971 ## $cCaticonografia10$d20260226
995 ## $aPRR2026

OpendataBNP@bnportugal.pt | Mais informação sobre acesso aos dados BNP